Owls by Picture - Statistics

General Stats
  • This quiz has been taken 217 times
  • The average score is 5 of 24
Answer Stats
Picture Answer % Correct
Barn Owl
99%
Snowy Owl
73%
Great Horned Owl
57%
Burrowing Owl
47%
Great Grey Owl
43%
Eagle Owl
33%
Tawny Owl
32%
Long Eared Owl
28%
Northern saw-whet owl
20%
Barred Owl
15%
Spectacled Owl
15%
Elf Owl
13%
Eastern Screech Owl
10%
Australian Masked Owl
9%
Powerful Owl
9%
Crested Owl
7%
Northern Spotted Owl
7%
Striped Owl
7%
Western Screech Owl
6%
Oriental Bay Owl
5%
Spotted Wood Owl
5%
Tawny Fish Owl
4%
Verreaux’s Eagle-Owl
2%
Collared scops-owl
1%
No matching quizzes found
Score Distribution
Percent of People with Each Score
Percentile by Number Answered
Your Score History
You have not taken this quiz